La izquierda mexicana y la constitución /
Збережено в:
| Автор: | |
|---|---|
| Формат: | Текст |
| Теги: |
Додати тег
Немає тегів, Будьте першим, хто поставить тег для цього запису!
|
MARC
| LEADER | 00000 a a2200000 04500 | ||
|---|---|---|---|
| 001 | 46592 | ||
| 003 | |||
| 040 | |||
| 100 | |a Ruiz Suárez, Ricardo | ||
| 245 | |a La izquierda mexicana y la constitución / |c Ricardo Ruiz Suárez | ||
| 773 | |g 205-212 | ||
| 999 | |c 32384 |d 32384 | ||
